Náhrady mzdy platené zamestnancovi
Náhrada mzdy poskytovaná zamestnancovi vo výške jeho priemerného zárobku. Výpočet priemerného zárobku na pracovnoprávne účely. Náhrada mzdy za dovolenku, za sviatok. Čerpanie náhradného voľna za prácu vo sviatok a náhrada mzdy. Dôležité osobné prekážky v práci a náhrada mzdy. Dočasné prerušenie výko...
Guardado en:
| Autor principal: | |
|---|---|
| Formato: | Capítulo de libro |
| Lenguaje: | eslovaco |
| Materias: | |
| Etiquetas: |
Sin Etiquetas, Sea el primero en etiquetar este registro!
|
MARC
| LEADER | 00000naa a2200000 4500 | ||
|---|---|---|---|
| 001 | 0155369 | ||
| 005 | 20231109103526.5 | ||
| 041 | 0 | |a slo | |
| 044 | |a SK | ||
| 245 | 1 | 0 | |a Náhrady mzdy platené zamestnancovi |c Bibiána Špániková |
| 520 | |a Náhrada mzdy poskytovaná zamestnancovi vo výške jeho priemerného zárobku. Výpočet priemerného zárobku na pracovnoprávne účely. Náhrada mzdy za dovolenku, za sviatok. Čerpanie náhradného voľna za prácu vo sviatok a náhrada mzdy. Dôležité osobné prekážky v práci a náhrada mzdy. Dočasné prerušenie výkonu práce a náhrada mzdy. Poskytovanie náhrady príjmu pri dočasnej pracovnej neschopnosti. | ||
| 610 | 2 | 0 | |a náhrada mzdy |
| 610 | 2 | 0 | |a dovolenka |
| 610 | 2 | 0 | |a voľno pracovné |
| 610 | 2 | 0 | |a práca |
| 610 | 2 | 0 | |a mzdy priemerné |
| 610 | 2 | 0 | |a základ vymeriavací |
| 610 | 2 | 0 | |a legislatíva |
| 610 | 2 | 0 | |a právo pracovné |
| 100 | 1 | |a Špániková, Bibiána | |